[Event "IRI-ch U12"]
[Site "Chess.com INT"]
[Date "2021.01.16"]
[Round "3"]
[White "Keshani, Kian"]
[Black "Salarian, Taha"]
[Result "1-0"]
[WhiteElo "1571"]
[BlackElo "1264"]
[PlyCount "97"]
[EventDate "2021.01.16"]
[EventType "swiss"]
[EventRounds "11"]
[EventCountry "IRI"]
[SourceTitle "EXT 2022"]
[Source "ChessBase"]
[SourceDate "2021.10.06"]
[SourceVersion "1"]
[SourceVersionDate "2021.10.06"]
[SourceQuality "1"]

1. e4 c6 2. d4 d5 3. Nc3 dxe4 4. Nxe4 Nd7 5. Bc4 Ndf6 6. Ng5 e6 7. N5f3 Bd6 8. Bg5 h6 9. Bh4 Qc7 10. Qe2 Nd5 11. Bxd5 cxd5 12. c3 a6 13. Ne5 Bxe5 14. dxe5 Ne7 15. Nf3 Ng6 16. Bg3 Bd7 17. Nd4 0-0 18. 0-0 b5 19. a3 Rfc8 20. Rad1 Ne7 21. Rd3 Nc6 22. Nxc6 Bxc6 23. Rd4 b4 24. Rc1 bxa3 25. bxa3 Bb5 26. Qd2 Qe7 27. Rg4 Rc4 28. Rxc4 dxc4 29. Qa2 Rd8 30. a4 Qd7 31. h3 Bxa4 32. Qxc4 Bb5 33. Qb4 Qd2 34. Bf4 Qd7 35. c4 Rc8 36. cxb5 Rxc1+ 37. Bxc1 Qd1+ 38. Kh2 Qxc1 39. bxa6 Qc7 40. Qd6 Qc4 41. Qa3 Qd4 42. a7 Qxe5+ 43. g3 Qf5 44. a8Q+ Kh7 45. Q8f3 Qg6 46. Qad3 f5 47. g4 Qf6 48. gxf5 Qe5+ 49. Kg2 1-0

[Event "IRI-ch U12"]
[Site "Chess.com INT"]
[Date "2021.01.16"]
[Round "8"]
[White "Naghibi, Parsa"]
[Black "Keshani, Kian"]
[Result "0-1"]
[WhiteElo "1094"]
[BlackElo "1571"]
[PlyCount "52"]
[EventDate "2021.01.16"]
[EventType "swiss"]
[EventRounds "11"]
[EventCountry "IRI"]
[SourceTitle "EXT 2022"]
[Source "ChessBase"]
[SourceDate "2021.10.06"]
[SourceVersion "1"]
[SourceVersionDate "2021.10.06"]
[SourceQuality "1"]

1. e4 c5 2. Nc3 a6 3. d3 b5 4. f4 e6 5. Nf3 d5 6. e5 Ne7 7. Be2 h5 8. 0-0 Nf5 9. Qe1 Be7 10. Ng5 Nc6 11. Qd1 g6 12. Nf3 Bb7 13. h3 c4 14. d4 Qb6 15. Kh2 Ncxd4 16. Be3 Nxe3 17. Nxd4 Nxd1 18. Raxd1 Bc5 19. Nf3 d4 20. Ne4 Bxe4 21. Ng5 Bxc2 22. Rc1 d3 23. Bf3 Rd8 24. Ne4 Be3 25. Ra1 Bxf4+ 26. g3 Bxe5 0-1

[Event "Wch U08 blitz"]
[Site "Minsk"]
[Date "2018.06.24"]
[Round "5"]
[White "Keshani, Kian"]
[Black "Movahed, Sina"]
[Result "1/2-1/2"]
[WhiteElo "1537"]
[BlackElo "1465"]
[PlyCount "109"]
[EventDate "2018.06.24"]
[EventType "swiss (blitz)"]
[EventRounds "9"]
[EventCountry "BLR"]
[SourceTitle "EXT 2019"]
[Source "ChessBase"]
[SourceDate "2018.10.10"]
[SourceVersion "1"]
[SourceVersionDate "2018.10.10"]
[SourceQuality "1"]

1. e4 d5 2. exd5 Qxd5 3. Nc3 Qa5 4. d4 Nf6 5. Nf3 Bg4 6. h3 Bh5 7. g4 Bg6 8. Ne5 c6 9. Bd2 Qc7 10. f4 Be4 11. Rh2 Nbd7 12. g5 Nxe5 13. dxe5 0-0-0 14. Qe2 Bxc2 15. exf6 exf6 16. gxf6 Bc5 17. Qg4+ Kb8 18. Be2 gxf6 19. Rc1 Rhg8 20. Qf3 Rg1+ 21. Bf1 Bd3 22. Ne2 Qe7 23. Rxc5 Qxc5 24. Nxg1 Qxg1 25. Rg2 Re8+ 26. Kd1 Qxf1+ 27. Qxf1 Bxf1 28. Rg7 Bd3 29. Rxf7 Bg6 30. Rxf6 Kc7 31. Kc1 Re2 32. f5 Be8 33. Re6 Rxe6 34. fxe6 Kd6 35. Be3 a6 36. Kd2 Kxe6 37. Kd3 Kd5 38. b3 b5 39. Bb6 c5 40. a3 Bg6+ 41. Kc3 h5 42. h4 Be4 43. b4 cxb4+ 44. axb4 Bf3 45. Bc5 Be2 46. Bb6 Bd1 47. Ba5 Ba4 48. Bb6 Ke4 49. Bd8 Kf3 50. Kd4 Kg4 51. Kc5 Bd1 52. Kb6 Kh3 53. Kxa6 Kg4 54. Kb6 Kh3 55. Kc5 1/2-1/2